|
|
|
|
| LEADER |
00000nam0a2200000 4500 |
| 001 |
119609 |
| 005 |
20231031124656.0 |
| 020 |
|
|
|a RU
|b 84-36711
|
| 035 |
|
|
|a (RuTPU)RU\TPU\book\129458
|
| 090 |
|
|
|a 119609
|
| 100 |
|
|
|a 20070719d1984 km a0rusy5003 ca
|
| 101 |
0 |
|
|a rus
|
| 102 |
|
|
|a RU
|
| 105 |
|
|
|a y g 001zy
|
| 200 |
1 |
|
|a Справочник по вулканологии
|f В. И. Влодавец
|g отв. ред. К. Н. Рудич
|
| 210 |
|
|
|a Москва
|c Наука
|d 1984
|
| 215 |
|
|
|a 339 с.
|d 25 см
|
| 320 |
|
|
|a Библиогр.: с. 318-330.
|
| 610 |
1 |
|
|a вулканизм
|
| 610 |
1 |
|
|a справочники
|
| 610 |
1 |
|
|a термины
|
| 610 |
1 |
|
|a вулканология
|
| 610 |
1 |
|
|a терминология
|
| 675 |
|
|
|a 551.21(035.5)
|z rus
|
| 700 |
|
1 |
|a Влодавец
|b В. И.
|g Владимир Иванович
|4 070
|
| 702 |
|
1 |
|a Рудич
|b К. Н.
|4 340
|
| 801 |
|
0 |
|a RU
|b RuMRKP
|c 19950704
|g psbo
|
| 801 |
|
1 |
|a RU
|b 63413507
|c 20070719
|g PSBO
|
| 801 |
|
2 |
|a RU
|b 63413507
|c 20141004
|g PSBO
|
| 942 |
|
|
|c BK
|